|
|
|
|
| LEADER |
00000nab a2200000 a 4500 |
| 001 |
vtls000148007 |
| 003 |
SK-MaSNL |
| 005 |
20260304223234.0 |
| 008 |
160324c1983 xo 0 slo |
| 015 |
|
|
|a SNBRB19rr/mm-uuuuu
|
| 035 |
|
|
|a CL0158114
|
| 040 |
|
|
|a SNKBUCL
|b slo
|c SNKBUCL
|e AACR2
|
| 041 |
0 |
|
|a slo
|
| 044 |
|
|
|a xo
|c SK
|
| 080 |
|
|
|a 002.66:61(437.642)
|2 1981
|
| 080 |
|
|
|a 61(437.642)
|2 1981
|
| 080 |
|
|
|a 025.52
|2 1981
|
| 100 |
1 |
|
|a Kiková, Viera,
|d 1954-
|4 aut
|9 37568
|
| 245 |
1 |
0 |
|a Činnosť oddelenia vedecko-informačnej a knihovníckej služby OMO KÚNZ Banská Bystrica v nových priestoroch
|c Viera Kiková
|
| 650 |
0 |
7 |
|a informačné strediská
|2 snkbucl
|9 63914
|
| 650 |
0 |
7 |
|a ústavy národného zdravia
|2 snkbucl
|9 272369
|
| 650 |
0 |
7 |
|a služby informačné
|2 snkbucl
|9 884441
|
| 651 |
|
7 |
|a Banská Bystrica (Slovensko)
|2 snkbucl
|9 22015
|
| 655 |
|
7 |
|a články z novín a časopisov
|2 snkbucl
|9 267496
|
| 655 |
|
7 |
|a články z odboru knihovníctvo
|2 snkbucl
|9 166141
|
| 773 |
0 |
|
|t Metodický informátor pre sieť zdravotníckych knižníc a stredísk vedeckých a technických informácií
|g Roč. 18, č. 1 (1983), s. 41-43
|
| 850 |
|
|
|a Slovenská národná knižnica v Martine
|a MTA001
|
| 852 |
|
|
|a SNK
|b KIS3GCP
|
| 958 |
|
|
|a MI
|
| 958 |
|
|
|a RK
|
| 958 |
|
|
|a KL
|
| 992 |
|
|
|a RBX
|
| 999 |
|
|
|c 3166992
|d 3168922
|